000 00550nam a22001697a 4500
008 170220b xxu||||| |||| 00| 0 eng d
020 _a9780970138590
050 _aQ180.55
_b.M4T76 2001
100 _aTrochim, William M. K.
245 _a Research methods knowledge base /
_cWilliam M.K. Trochim.
250 _a2nd ed.
260 _a Cincinnati, OH :
_bAtomic Dog Pub.,
_c2001.
300 _aix, 363 p. :
_bill. ;
_c28 cm.
500 _a Includes bibliographical references and index.
650 _aResearch
_xMethodology.
942 _2lcc
_cBK
999 _c48803
_d48803